000 01052nam a22002537a 4500
001 BD-DhSAU 7469
003 BD-DhSAU
005 20231003120659.0
008 150422b2006 bg ||||| m||m 00| 0 eng d
040 _aBD-DhSAU
082 _222
_a631.4
_bH27
100 _aHasan,Md. Mahamudul
_eRegistration No. # 19-10301
245 _aEffect of cowdung and inorganic fertilizers on the growth and yield of mungbean (bari mung-6) /
_bMS thesis
260 _aSher-e- Bangla Agricultural University:
_bDepartment of Soil Science,
_c2021.
300 _aviii, 48p.:
_b30 cm.
500 _aMS thesis of Department of Soil Science, Faculty of Agriculture , Sher-e-Bangla Agricultural University, Dhaka, Bangladesh
590 _aNamul
650 _acowdung and inorganic fertilizers
651 _amungbean (bari mung-6)
700 _aProf. Mst. Afrose jahan
_eSuperviser
700 _aProf. Dr. Md. Asaduzzaman Khan
_eCo-Superviser
856 _uhttp://archive.saulibrary.edu.bd:8080/xmlui/handle/123456789/4955
942 _2ddc
_cTHESIS
999 _c17069
_d17068